| 000 | 00592nam a22001931cc4500 | ||
|---|---|---|---|
| 001 | a987687947+Tom6 | ||
| 035 | _aa987687947 | ||
| 008 | 991231s1989 gw |||| 000u rus d | ||
| 020 |
_a5206000868 _95-206-00086-8 |
||
| 041 | _arus | ||
| 245 | 0 | 0 |
_aPervyj S"ezd Narodnych Deputatov SSSR _nTom 6 |
| 264 |
_aMoskva : _bizd. Verchovnogo Soveta SSSR, _c1989 |
||
| 300 | _a511 S. | ||
| 246 | 1 | 2 |
_aPervyj S"ezd Narodnych Deputatov SSSR : 25 maja - 9 ijunja 1989 g. ; stenografičeskij otčet _nTom 6 |
| 773 | 0 | 8 |
_wa987687947 _qTom6 |
| 942 | _cMG | ||
| 040 | _cRU-10907106 | ||
| 003 | RU-10907106 | ||
| 999 |
_c27473 _d27473 |
||